Haven of bliss anandpur sahib : (Record no. 150826)

MARC details
000 -LEADER
fixed length control field 00877nam a22002057a 4500
005 - DATE AND TIME OF LATEST TRANSACTION
control field 20180409165037.0
010 ## - LCCN (DPL NO)
LC control number ENG-122498
020 ## - INTERNATIONAL STANDARD BOOK NUMBER
International Standard Book Number 818969202X
Terms of availability 2450.00, 38.10$
035 ## - SYSTEM CONTROL NUMBER
System control number EN-106030
037 ## - SOURCE OF ACQUISITION
Source of stock number/acquisition DBAD/PUB
082 ## - DEWEY DECIMAL CLASSIFICATION NUMBER
Classification number 260.91
100 ## - MAIN ENTRY--PERSONAL NAME
Personal name Vijay N. Shankar
245 ## - TITLE STATEMENT
Title Haven of bliss anandpur sahib :
Statement of responsibility, etc by Vijay N. Shankar [and] Harminder Kaur
Remainder of title a miracle of the human spirit /
260 ## - PUBLICATION, DISTRIBUTION, ETC. (IMPRINT)
Place of publication, distribution, etc Ludhiana
Name of publisher, distributor, etc Corporate Vision in collaboration with
-- Lahore Book Shop
Date of publication, distribution, etc 2010
270 ## - ADDRESS
Address C-20 B Green Park Extension, basement floor,
City New Delhi
Postal code 110016
Telephone number 91-11- 20251396, 9899800525
Electronic mail address www.lahorepublishers.com
270 ## - ADDRESS
Address 2, Lajpat Rai Market, Near Society Cinema,
City Ludhiana
Postal code 141008
Telephone number 91-161-2740738, 6540738
Electronic mail address www.lahorepublishers.com
300 ## - PHYSICAL DESCRIPTION
Extent 156p.
Other physical details ill. picture
Dimensions 30cm(Hb)
700 ## - ADDED ENTRY--PERSONAL NAME
Dates associated with a name Harminder Kaur
942 ## - ADDED ENTRY ELEMENTS (KOHA)
Source of classification or shelving scheme Dewey Decimal Classification
Item type English Books
Call number suffix VIJ
Classification part 260.91
Holdings
Withdrawn status Lost status Not for loan Collection code Home library Current library Date acquired Source of acquisition Cost, normal purchase price Full call number Barcode Copy number Cost, replacement price Koha item type
    Not For Loan Non-fiction D.B.Act.Division Sarojini Nagar 06/04/2018 DBAD/PUB 2450.00 260.91 VIJ EN-106030 1 2450.00 English Books

© Delhi Public Library
Hit Counter
free hit counter